Every Toppat Clan Member - Statistics

General Stats
  • This quiz has been taken 22 times
  • The average score is 23 of 168
Answer Stats
Picture Answer % Correct
Henry Stickmin
86%
Reginald Copperbottom
86%
Right Hand Man
86%
Burt Curtis
71%
Mr. Macbeth
71%
Sven Svensson
71%
Ellie Rose
57%
Gene Fredrickson
57%
Geoffrey Plumb
57%
Louie G.
57%
Ahnoldt Schwarz
43%
Albert Poshly
43%
Carol Cross
43%
Marty O.
43%
Thomas Chestershire
43%
Topbot
43%
Buckethat
29%
Cool Katie
29%
Earrings
29%
Filbert Philbert
29%
Five-Eyes
29%
Fredrick Muenster
29%
Fred Worst
29%
Grunt
29%
Handsome Harold
29%
Hat Girl
29%
Henry Stickman
29%
Icepick
29%
Quincy Tattlemuffin
29%
Sal Malone
29%
Snowcap
29%
The Marble Man
29%
The Witch
29%
Whitehead
29%
Ali Gene
14%
Al the Pal
14%
Antonidas Sparta
14%
Barbershop Bill
14%
Bartolomeo
14%
Beans
14%
Billy G.
14%
Bloodhound
14%
Bryan Hampton
14%
Cloudface
14%
Cool Joe
14%
Crusher
14%
Darius Johnsonite
14%
Dr. Glass
14%
Dusty
14%
Floyd Winters
14%
Gordon Smith
14%
Gremlin
14%
Hanz Spearman
14%
Hatchman
14%
Jack Doogan
14%
Jaques Kensington
14%
Joan Scone
14%
Kabbitz
14%
Kayn West
14%
Konkey Dong
14%
Larry the Guy
14%
Matilda Ivy
14%
Mischievous Martin
14%
Miss DeMeanor
14%
Mr. Blanc
14%
Mr. Jobb
14%
Mr. Lincoln
14%
Mr. Skyscraper
14%
Mr. Teal
14%
Mr. Unstoppable
14%
Pablo Slueth
14%
Paddy Pride
14%
Pinkman
14%
Scar
14%
Sheriff
14%
Sir Hatty
14%
Sir Wilford IV
14%
Skeev
14%
Sledge MacRush
14%
Slice
14%
Smooshed Sammy
14%
Stanley Grass
14%
Stoneface
14%
Stu Pendles
14%
Talinn Circus
14%
Terrence Suave
14%
The Bookie
14%
The Magician
14%
The Ruffian
14%
Thomas Chips
14%
Tin Tintin
14%
T.R.N.K.
14%
Wallace Dagwood
14%
Winston Davis
14%
Alfonsho Cruz
0%
Al Kohaul
0%
Barry Bruh
0%
Benjamin Bourseious
0%
Blast Conners
0%
Blueberry
0%
Byeah #503
0%
Chip Crumm
0%
Chuck Wellington
0%
Ciggy
0%
Clement Warrentine
0%
Cowboy
0%
Crabman
0%
Curly Brown
0%
Derbert Daniels
0%
Don Miguel
0%
Douglass Murl
0%
Eduardo Gioncarlo
0%
Figaro Mulligatawny
0%
Fred Finestone
0%
Gone Hunter
0%
Googuy
0%
Hambag
0%
Hannibal Burns
0%
Harry Butts
0%
Hazmatt
0%
Herb Stokes
0%
Holey Cap
0%
Howie Howitzer
0%
Jacked Hughman
0%
Jaque LeTouche
0%
Jarsh Finx
0%
Jim Pulp
0%
Jonathan Bravo
0%
Ken Janpon
0%
Lenk
0%
Lonk
0%
Mac Dandy
0%
Magnus Eriksson
0%
Manuel Frend
0%
Matthew Norbert
0%
M.F. Jones
0%
Mr. Angery
0%
Mr. Brimley
0%
Mr. Fatlip
0%
Mr. Goldbloom
0%
Mr. Thicc
0%
Mr. Villain
0%
Oldmin
0%
Orange Hat Kid
0%
Parmezza Lasagne
0%
Pasta Primavera
0%
Peanut
0%
Poppedtop
0%
Quickdraw
0%
Randy Radman
0%
Red Crimson
0%
Reynaldo the Brute
0%
Rhounda Pounda
0%
Sammy Sorry
0%
Sleepy Dogg
0%
Smokestack
0%
Steve Dallas
0%
Sureshot Sherman
0%
Tayne Flarhgunnstow
0%
Ten Pence
0%
The Leprechuan
0%
Toby Mack
0%
Tommy Partridge
0%
Two-Ton Tony
0%
Wallace Pemberton
0%
Wayne Jensen
0%
Weaksauce
0%
Wilhelm Krieghaus
0%
No matching quizzes found
Score Distribution
Percent of People with Each Score
Percentile by Number Answered
Your Score History
You have not taken this quiz